New land market to emerge (Record no. 74644)

MARC details
000 -LEADER
fixed length control field 01098cab a2200205 4500
001 - CONTROL NUMBER
control field WB4046-13
008 - FIXED-LENGTH DATA ELEMENTS--GENERAL INFORMATION
fixed length control field 041202n2004 000 0 eng u
035 ## - SYSTEM CONTROL NUMBER
System control number (Sirsi) u128188
245 ## - TITLE STATEMENT
Title New land market to emerge
260 ## - PUBLICATION, DISTRIBUTION, ETC.
Date of publication, distribution, etc. 2004
490 ## - SERIES STATEMENT
Series statement RICS Press Release
Volume/sequential designation (pr105) 3 December 2004 (2)
520 ## - SUMMARY, ETC.
Summary, etc. A new market in rented rural land will emerge over the next 12 months when agricultural subsidies paid to English farmers are split from the land and become tradeable as separate commodities. The introduction of an EU Single Payment Scheme Entitlement means that farmers will no longer need to grow a crop or keep an animal to receive a subsidy. The rules are complex and have introduced a high level of uncertainty in the rental land market. A new market will emerge once Entitlements have been awarded after May 2005. Further details are available on the website. http://www.rics.org
590 ## - LOCAL NOTE (RLIN)
Local note WB
650 ## - SUBJECT ADDED ENTRY--TOPICAL TERM
Topical term or geographic name entry element RURAL LAND
650 ## - SUBJECT ADDED ENTRY--TOPICAL TERM
Topical term or geographic name entry element RENTS
650 ## - SUBJECT ADDED ENTRY--TOPICAL TERM
Topical term or geographic name entry element AGRICULTURAL SUBSIDIES
650 ## - SUBJECT ADDED ENTRY--TOPICAL TERM
Topical term or geographic name entry element EU SINGLE PAYMENT SCHEME ENTITLEMENT
690 ## - LOCAL SUBJECT ADDED ENTRY--TOPICAL TERM (OCLC, RLIN)
Topical term or geographic name as entry element RURAL-MARKET
942 ## - ADDED ENTRY ELEMENTS (KOHA)
Suppress in OPAC 0
Holdings
Withdrawn status Lost status Source of classification or shelving scheme Damaged status Not for loan Home library Current library Shelving location Date acquired Total Checkouts Full call number Barcode Date last seen Copy number Price effective from Koha item type
    Dewey Decimal Classification     London London News article 02/12/2004   WB4046-13 128188-1001 06/08/2019 1 06/08/2019 News article